000 00527nam a22001817a 4500
003 CEME
005 20210628203208.0
008 210122b xxu||||| |||| 00| 0 eng d
020 _a978-0-8247-5830
040 _c.
082 _a620.88 ULT
100 _aEnsminger, Dale, Stulen, Foster B
_963912
245 _aUltrasonics, data,equations, and their practical uses
260 _aLONDON
_bCRC PRESS
_c2009
300 _aXI,496P
650 _aULTRASONICS WAVES-INDUSTRIAL APPLICATIONS.ULTRASONICS
_963913
942 _cBK
_2ddc
999 _c572598
_d572598